<?xml version="1.0" encoding="UTF-8"?>
<record
    xmlns:xsi="http://www.w3.org/2001/XMLSchema-instance"
    xsi:schemaLocation="http://www.loc.gov/MARC21/slim http://www.loc.gov/standards/marcxml/schema/MARC21slim.xsd"
    xmlns="http://www.loc.gov/MARC21/slim">

  <leader>01544nam a2200157   4500</leader>
  <controlfield tag="008">709.972.85 Q7z</controlfield>
  <datafield tag="020" ind1=" " ind2=" ">
    <subfield code="a">789968899390</subfield>
  </datafield>
  <datafield tag="082" ind1=" " ind2=" ">
    <subfield code="a">709.972.85</subfield>
    <subfield code="b">Q7z</subfield>
  </datafield>
  <datafield tag="100" ind1=" " ind2=" ">
    <subfield code="a">Quintanilla Armijo, Ra&#xFA;l </subfield>
    <subfield code="9">6909</subfield>
  </datafield>
  <datafield tag="245" ind1=" " ind2=" ">
    <subfield code="a">Zona de turbulencia:</subfield>
    <subfield code="b">arte en Nicaragua, de la revoluci&#xF3;n al neoliberalismo </subfield>
  </datafield>
  <datafield tag="260" ind1=" " ind2=" ">
    <subfield code="a">San Jos&#xE9;, Costa Rica</subfield>
    <subfield code="b">TEOR/&#xE9;Tica</subfield>
    <subfield code="c">2019</subfield>
  </datafield>
  <datafield tag="300" ind1=" " ind2=" ">
    <subfield code="a">240 p.</subfield>
    <subfield code="b">il. (col)</subfield>
    <subfield code="c">16 x 22 cm</subfield>
  </datafield>
  <datafield tag="440" ind1=" " ind2=" ">
    <subfield code="a">Escrituras locales. Posiciones cr&#xED;ticas desde Am&#xE9;rica Central, el Caribe y sus di&#xE1;sporas 4</subfield>
    <subfield code="9">7120</subfield>
  </datafield>
  <datafield tag="505" ind1=" " ind2=" ">
    <subfield code="t">Presentaci&#xF3;n </subfield>
    <subfield code="r">TEOR/&#xE9;Tica</subfield>
    <subfield code="t">Crear tempestades </subfield>
    <subfield code="r">Miguel A. L&#xF3;pez </subfield>
    <subfield code="t">Apertura de la nueva Escuela de Arte Mural (1985)</subfield>
    <subfield code="t">Formaci&#xF3;n de una nueva generaci&#xF3;n en la pl&#xE1;stica nacional (1987)</subfield>
    <subfield code="t">Pintura primitiva y peligro comercial (1987)</subfield>
    <subfield code="t">Una necesidad inmediata: la innovaci&#xF3;n de la imagen y los medios de expresi&#xF3;n en nuestra pl&#xE1;stica nacional (1988)</subfield>
    <subfield code="t">Un di&#xE1;logo suspendido: la revoluci&#xF3;n nicarag&#xFC;ense y las artes pl&#xE1;sticas (1992-1993)</subfield>
    <subfield code="t">La invisibilizaci&#xF3;n de...(la cultura nicarag&#xFC;ense) (1994)</subfield>
    <subfield code="t">Tolerancia y hambre. Peque&#xF1;os problemas para la Kooltura oficial (1997)</subfield>
    <subfield code="t">Los noventa en Nicaragua (2001)</subfield>
    <subfield code="t">Memorias de otro olvido. El taller de Gr&#xE1;fica Experimental Boanerges Cerrato en Nicaragua (2001)</subfield>
    <subfield code="t">Sobreviviendo a la &#xA8;democracia&#xA8; en la periferia del culo del Diablo (2002)</subfield>
    <subfield code="t">Contra una actitud profundamente elitista hacia el arte. Una conversaci&#xF3;n con Ra&#xFA;l Quintanilla Armijo </subfield>
    <subfield code="r">Miguel A. L&#xF3;pez </subfield>
    <subfield code="t">Glosario de siglas</subfield>
  </datafield>
  <datafield tag="650" ind1=" " ind2=" ">
    <subfield code="x">arte contempor&#xE1;neo </subfield>
    <subfield code="x">Nicaragua </subfield>
    <subfield code="x">arte y sociedad - Nicaragua </subfield>
    <subfield code="x">historia</subfield>
    <subfield code="9">6910</subfield>
  </datafield>
  <datafield tag="999" ind1=" " ind2=" ">
    <subfield code="c">1726</subfield>
    <subfield code="d">1726</subfield>
  </datafield>
  <datafield tag="952" ind1=" " ind2=" ">
    <subfield code="0">0</subfield>
    <subfield code="1">0</subfield>
    <subfield code="2">ddc</subfield>
    <subfield code="4">0</subfield>
    <subfield code="7">0</subfield>
    <subfield code="a">LV</subfield>
    <subfield code="b">LV</subfield>
    <subfield code="c">Colecci&#xF3;n Teor&#xE9;tica</subfield>
    <subfield code="d">2019-02-16</subfield>
    <subfield code="l">0</subfield>
    <subfield code="o">709.972.85 Q7z</subfield>
    <subfield code="p">004750</subfield>
    <subfield code="r">2019-02-16 00:00:00</subfield>
    <subfield code="w">2019-02-16</subfield>
    <subfield code="y">01</subfield>
  </datafield>
  <datafield tag="952" ind1=" " ind2=" ">
    <subfield code="0">0</subfield>
    <subfield code="1">0</subfield>
    <subfield code="2">ddc</subfield>
    <subfield code="4">0</subfield>
    <subfield code="7">0</subfield>
    <subfield code="a">LV</subfield>
    <subfield code="b">LV</subfield>
    <subfield code="c">Colecci&#xF3;n Teor&#xE9;tica</subfield>
    <subfield code="d">2019-02-16</subfield>
    <subfield code="l">0</subfield>
    <subfield code="o">709.972.85 Q7z</subfield>
    <subfield code="p">004749</subfield>
    <subfield code="r">2019-02-16 00:00:00</subfield>
    <subfield code="w">2019-02-16</subfield>
    <subfield code="y">01</subfield>
  </datafield>
</record>
